000 00270nam a2200109Ia 4500
008 220630s9999 xx 000 0 und d
020 _a9781863731607
082 _a616.8526 ROBE
100 _aRobertson, Matra
_9152902
245 0 _aStarving in the silence
942 _cBK
_w561
_xJohn Tresidder
_y561
_zJohn Tresidder
999 _c693329
_d693328